Central Library OPAC University of Rajshahi

Job evaluation : (Record no. 75934)

MARC details
000 -LEADER
fixed length control field 01050cam a2200325I 4500
001 - CONTROL NUMBER
control field 75934
003 - CONTROL NUMBER IDENTIFIER
rucl marc code BD-RjUL
005 - DATE AND TIME OF LATEST TRANSACTION
control field 20211209082750.0
008 - FIXED-LENGTH DATA ELEMENTS--GENERAL INFORMATION
fixed length control field 190916t19521948nyua 001 0 eng
035 ## - SYSTEM CONTROL NUMBER
System control number MITb10896179
System control number (BD-RjUL)15962
040 ## - CATALOGING SOURCE
Original cataloging agency DLC
Transcribing agency WSU
Modifying agency SER
-- UKM
-- MYG
-- BD-RjUL
Language of cataloging eng
041 ## - LANGUAGE CODE
Language code of text/sound track or separate title eng
082 00 - DEWEY DECIMAL CLASSIFICATION NUMBER
Classification number 658.322
Author mark and year OTJ 1948
090 ## - LOCALLY ASSIGNED LC-TYPE CALL NUMBER (OCLC); LOCAL CALL NUMBER (OCLC)
Classification number (OCLC) (R) ; Classification number, CALL (RLIN) (NR) T60.J6
Local cutter number (OCLC) ; Book number/undivided call number, CALL (RLIN) O8x 1954
100 1# - MAIN ENTRY--PERSONAL NAME
Personal name Otis, Jay L.
Fuller form of name (Jay Lester),
Dates associated with a name 1907-
9 (RLIN) 49308
245 10 - TITLE STATEMENT
Title Job evaluation :
Remainder of title a basis for sound wage administration /
Statement of responsibility, etc. by Jay L. Otis and Richard H. Leukart.
260 ## - PUBLICATION, DISTRIBUTION, ETC. (IMPRINT)
Place of publication, distribution, etc. Englewood :
Name of publisher, distributor, etc. Prentice-Hall,
Date of publication, distribution, etc. c1948. [1952]
300 ## - PHYSICAL DESCRIPTION
Pagination 473 p. :
Illustrations ill. ;
Size 24 cm.
490 1# - SERIES STATEMENT
Series statement Prentice-Hall industrial relations and personnel series
504 ## - BIBLIOGRAPHY, ETC. NOTE
Bibliography, etc includes index.
650 #0 - SUBJECT ADDED ENTRY--TOPICAL TERM
Topical term or geographic name as entry element Job analysis.
9 (RLIN) 42093
700 1# - ADDED ENTRY--PERSONAL NAME
Personal name Leukart, Richard H.
830 #0 - SERIES ADDED ENTRY--UNIFORM TITLE
Uniform title Prentice-Hall industrial relations and personnel series.
942 ## - ADDED ENTRY ELEMENTS (KOHA)
Source of classification or shelving scheme Dewey Decimal Classification
Koha item type Books
946 ## - LOCAL PROCESSING INFORMATION (OCLC)
a t
949 ## - LOCAL PROCESSING INFORMATION (OCLC)
a c
p 39080020322985
Holdings
Lost status Source of classification or shelving scheme Damaged status Not for loan Collection code Permanent Location Current Location Shelving location Date acquired Total Checkouts Full call number Date last seen Copy number Koha item type
  Dewey Decimal Classification   Not For Loan Non-fiction Central Library, University of Rajshahi Central Library, University of Rajshahi Reading Room 18/09/2019   658.322 OTJ 1948 18/09/2019 C-1 Books